LEADER 01146nam0 2200313 450 001 000043868 005 20180913121729.0 100 $a20180108d1987----km-y0itaa50------ba 101 0 $afre 102 $aFR 200 1 $aOeuvres complètes$fCorneille$gtextes établis,présentés et annotés par George Couton 210 $a[Parigi]$cGallimard$d1987 215 $a1749 p.$d18 cm 225 2 $aBibliothèque de la Pléiade 410 1$12001$aBibliothèque de la Pléiade 700 1$aCorneille,$bPierre$f<1606-1684>$0131516 702 1$aCouton,$bGeorges$f<1912-1992> 801 0$aIT$bUniversità della Basilicata - B.I.A.$gREICAT$2unimarc 912 $a000043868 996 $aOeuvres complètes$91535375 997 $aUNIBAS BAS $aLETTERE CAT $aMDL$b30$c20180108$lBAS01$h1629 CAT $aMDL$b30$c20180110$lBAS01$h1220 CAT $aBATCH-UPD$b30$c20180621$lBAS01$h1220 CAT $aATR$b20$c20180621$lBAS01$h1234 CAT $aMDL$b30$c20180913$lBAS01$h1217 FMT Z30 -1$lBAS01$LBAS01$mBOOK$1BASA1$APolo Storico-Umanistico$2GEN$BCollezione generale$3FP/56496$656496$5L56496$820180108$f02$FPrestabile Generale LEADER 01289nam0 22003493i 450 001 PAL0086315 005 20231121125603.0 020 $aIT$b693765 100 $a20041104d1968 ||||0itac50 ba 101 | $aita 102 $ait 181 1$6z01$ai $bxxxe 182 1$6z01$an 200 1 $aStudi sul teatro$fG. De Sanctis 210 $aRavenna$cA. Longo$d1968 215 $a275 p.$d22 cm. 225 | $a˜Il œportico$v19 410 0$1001CSA0067246$12001 $a˜Il œportico$v19 606 $aLetteratura drammatica$xSaggi$2FIR$3RMLC249017$9I 606 $aTeatro$xSaggi$2FIR$3RMLC245416$9I 676 $a808.2$9$v21 700 1$aDe Sanctis$b, Giovanni Battista$3CFIV084146$4070$0200404 801 3$aIT$bIT-01$c20041104 850 $aIT-RM0290 $aIT-FR0084 $aIT-FR0017 899 $aBIBLIOTECA ANGELICA$bRM0290 899 $aBiblioteca Del Monumento Nazionale Di Montecassino$bFR0084 899 $aBiblioteca umanistica Giorgio Aprea$bFR0017 $eN 912 $aPAL0086315 950 0$aBiblioteca umanistica Giorgio Aprea$d 52MAG 5/1243$e 52MAG0000030815 VMN RS $fA $h20170327$i20170327 977 $a 06$a 25$a 52 996 $aStudi sul teatro$9134255 997 $aUNICAS LEADER 01190nam 2200313 450 001 996668872803316 005 20251112105306.0 010 $a979-12-5602-137-6 100 $a20250804d2024----km y0itay5003 ba 101 0 $aita 102 $aIT 105 $ay 00 y 200 1 $aConcorsi per bibliotecari$efunzionari, istruttori e collaboratori$emanuale e quesiti per le prove di selezione$fA. Di Monte, F. Diozzi, G. La Licata, R. Moro, M. Proietto 210 $aNapoli$cEdiSES$d2024 215 $aXXVI, 588 p.$cill.$d24 cm 225 2 $aProfessioni & concorsi$v56.1 300 $aIn omaggio estensioni online 327 1 $a<> volume costituisce una guida completa per tutti coloro che intendono partecipare a specifiche procedure concorsuali per l?accesso al lavoro nel settore delle biblioteche. 410 0$aProfessioni & concorsi$v56.1 606 0 $aBiblioteconomia$xManuali per concorsi$2BNCF 676 $a020.76 700 $aDI MONTE,$bA.$01856440 801 0$aIT$bcba$gREICAT 912 $a996668872803316 951 $aI.2.A. 239$b293417 L.M.$cI.2.A.$d574381 959 $aBK 969 $aUMA 996 $aConcorsi per bibliotecari$94455468 997 $aUNISA